=LDR 00000nam 2200000 4500 =001 INLIS000000000001813 =005 20230810093421 =035 ##$$a 0010-0823000261 =007 ta =008 230810################g##########0#ind## =020 ##$$a 978-602-037-8640 =082 ##$$a 650 =084 ##$$a 650 KIM b =100 #$$a Kim W. Chan =245 1#$$a Blue Ocean Shift ( Pergeseran Samudra Biru ) Melampaui Persaingan : $b Langkah - Langkah Teruji Untuk Menghadapi Perubahan /$c Blue Ocean Strategy ; Kim W. Chan & Mauborgne Renee ; Zia Anshor ( Alih Bahasa ) ; Fajarianto ( Tata Letak Isi ) =250 ##$$a Cetakan 2 =260 ##$$a Jakarta :$b PT Gramedia Pustaka Utama,$c 2017 =300 ##$$a 312 hlm : $b ilust ; $c 23cm =500 ##$$a berisi hasil penelitian baru dan contoh-contoh mengenai bagaimana para pemimpin di berbagai indurstri dan organisasi melakukan pergeseran dan menciptakan pasar baru dengan memakai proses dan alat alat yang dijelaskan pada buku ini =700 #$$a Mauborgne Renee =600 34$$a KERJASAMA